000 00641nam a2200217Ia 4500
005 20250508170124.0
008 008 250505s9999 xx 000 0 eng d
020 _a978-0-367-46391-5
037 _aTextBook
040 _aFEDL
_beng
_cFEDL
041 _aeng
_2eng
084 _a155.4, WAD/R
_qFEDL
100 _aWadhwa Toolika
245 0 _aNegotiating identity and religion: Young adults in inter- religious families
260 _aLondon, UK
_bRoutledge
_c2020
300 _axxii, 261p.
365 _aINR
_b995
546 _aFirst South Asia edition, 2020
942 _cTB
_h155.4, WAD/R
999 _c1399326
_d1399326